Managerial Accounting / (Record no. 10992)
[ view plain ]
| 000 -LEADER | |
|---|---|
| fixed length control field | 00692cac a22002171u 4500 |
| 008 - FIXED-LENGTH DATA ELEMENTS--GENERAL INFORMATION | |
| fixed length control field | 090119s2007ohu|||||r|||| 001 0 eng d |
| 010 ## - LIBRARY OF CONGRESS CONTROL NUMBER | |
| LC control number | 99012837 |
| 020 ## - INTERNATIONAL STANDARD BOOK NUMBER | |
| International Standard Book Number | 9780324376067 (student ed.) |
| 020 ## - INTERNATIONAL STANDARD BOOK NUMBER | |
| International Standard Book Number | 0324376065 |
| 035 ## - SYSTEM CONTROL NUMBER | |
| System control number | (DLC) 99012837 |
| 082 00 - DEWEY DECIMAL CLASSIFICATION NUMBER | |
| Classification number | 658.1511 |
| Item number | HAN |
| Edition number | 22 |
| 100 ## - MAIN ENTRY--PERSONAL NAME | |
| 9 (RLIN) | 2229 |
| Personal name | Hansen, Don R. |
| 245 10 - TITLE STATEMENT | |
| Title | Managerial Accounting / |
| Statement of responsibility, etc | Don R. Hansen, Maryanne M. Mowen. |
| 250 ## - EDITION STATEMENT | |
| Edition statement | International ed., 8th ed. |
| 260 ## - PUBLICATION, DISTRIBUTION, ETC. (IMPRINT) | |
| Place of publication, distribution, etc | New York : |
| Name of publisher, distributor, etc | Thomson South Western, 2007 |
| Date of publication, distribution, etc | 2007. |
| 300 ## - PHYSICAL DESCRIPTION | |
| Extent | xix, 874p. : |
| Other physical details | ill. ; |
| Dimensions | 29 cm. |
| 500 ## - GENERAL NOTE | |
| General note | Includes index. |
| 650 #0 - SUBJECT ADDED ENTRY--TOPICAL TERM | |
| Topical term or geographic name as entry element | Managerial accounting. |
| 9 (RLIN) | 12224 |
| 700 1# - ADDED ENTRY--PERSONAL NAME | |
| Personal name | Mowen, Maryanne M. |
| 9 (RLIN) | 2230 |
| 942 ## - ADDED ENTRY ELEMENTS (KOHA) | |
| Item type | Book - Borrowing |
| Call number prefix | 658.1511 HAN |
| Source of classification or shelving scheme | Dewey Decimal Classification |
| Withdrawn status | Item status | Source of classification or shelving scheme | Damaged status | Not for loan | Vendor | Home library | Current library | Shelving location | Date acquired | Source of acquisition | Total Checkouts | Total Renewals | Full call number | Barcode | Date last seen | Date last borrowed | Koha item type |
|---|---|---|---|---|---|---|---|---|---|---|---|---|---|---|---|---|---|
| Dewey Decimal Classification | Baccah | Central Library | Central Library | First floor | 02/03/2009 | 9 | 3 | 658.1511 HAN | 000015333 | 15/07/2025 | 05/04/2016 | Book - Borrowing | |||||
| Dewey Decimal Classification | Baccah | Central Library | Central Library | First floor | 02/03/2009 | 9 | 65 | 658.1511 HAN | 000015332 | 15/07/2025 | 13/02/2016 | Book - Borrowing | |||||
| Dewey Decimal Classification | Baccah | Central Library | Central Library | First floor | 03/03/2009 | 3 | 658.1511 HAN | 000015199 | 15/07/2025 | 30/03/2011 | NB - Book (Non borrowing) | ||||||
| Dewey Decimal Classification | Baccah | Central Library | Central Library | First floor | 03/03/2010 | 8 | 39 | 658.1511 HAN | 000020111 | 15/07/2025 | 02/04/2018 | Book - Borrowing | |||||
| Dewey Decimal Classification | Baccah | Central Library | Central Library | First floor | 22/02/2012 | 2 | 5 | 658.1511 HAN | 000026183 | 15/07/2025 | 16/05/2016 | Book - Borrowing | |||||
| Dewey Decimal Classification | Baccah | Central Library | Central Library | First floor | 22/02/2012 | 658.1511 HAN | 000026184 | 15/07/2025 | Book - Borrowing | ||||||||
| Dewey Decimal Classification | Baccah | Central Library | Central Library | First floor | 22/02/2012 | 658.1511 HAN | 000026185 | 15/07/2025 | Book - Borrowing |